| 000 | 00486nam a2200193Ia 4500 | ||
|---|---|---|---|
| 008 | 230125s9999 xx 000 0 und d | ||
| 020 | _a978-1-948147-45-3 | ||
| 041 | _aeng | ||
| 082 |
_a306.874 _bDUT |
||
| 100 |
_aDutt M _9117494 |
||
| 245 | _aHow To Help Your Child Focus And Concentrate | ||
| 260 |
_c2017 _bNotion Press. _aChennai |
||
| 300 |
_a86p _cPaper Back |
||
| 440 | _v1 | ||
| 650 | _aGeneral | ||
| 700 |
_aDutt M _9117494 |
||
| 906 | _b27 | ||
| 999 |
_c95322 _d95322 |
||